<?xml version="1.0" encoding="UTF-8"?><?xml-stylesheet type="text/xsl" href="static/style.xsl"?><OAI-PMH xmlns="http://www.openarchives.org/OAI/2.0/" xmlns:xsi="http://www.w3.org/2001/XMLSchema-instance" xsi:schemaLocation="http://www.openarchives.org/OAI/2.0/ http://www.openarchives.org/OAI/2.0/OAI-PMH.xsd"><responseDate>2026-04-18T01:19:11Z</responseDate><request verb="GetRecord" identifier="oai:www.recercat.cat:20.500.12327/3120" metadataPrefix="marc">https://recercat.cat/oai/request</request><GetRecord><record><header><identifier>oai:recercat.cat:20.500.12327/3120</identifier><datestamp>2025-10-22T11:05:11Z</datestamp><setSpec>com_2072_4428</setSpec><setSpec>com_2072_4427</setSpec><setSpec>col_2072_487898</setSpec></header><metadata><record xmlns="http://www.loc.gov/MARC21/slim" xmlns:dcterms="http://purl.org/dc/terms/" xmlns:xsi="http://www.w3.org/2001/XMLSchema-instance" xmlns:doc="http://www.lyncode.com/xoai" xsi:schemaLocation="http://www.loc.gov/MARC21/slim http://www.loc.gov/standards/marcxml/schema/MARC21slim.xsd">
   <leader>00925njm 22002777a 4500</leader>
   <datafield ind2=" " ind1=" " tag="042">
      <subfield code="a">dc</subfield>
   </datafield>
   <datafield ind2=" " ind1=" " tag="720">
      <subfield code="a">Aranzana, Maria José</subfield>
      <subfield code="e">author</subfield>
   </datafield>
   <datafield ind2=" " ind1=" " tag="720">
      <subfield code="a">Abbassi, El-Kadri</subfield>
      <subfield code="e">author</subfield>
   </datafield>
   <datafield ind2=" " ind1=" " tag="720">
      <subfield code="a">Howad, Werner</subfield>
      <subfield code="e">author</subfield>
   </datafield>
   <datafield ind2=" " ind1=" " tag="720">
      <subfield code="a">Arús, Pere</subfield>
      <subfield code="e">author</subfield>
   </datafield>
   <datafield ind2=" " ind1=" " tag="260">
      <subfield code="c">2010-07-20</subfield>
   </datafield>
   <datafield ind2=" " ind1=" " tag="520">
      <subfield code="a">Background: Peach [Prunus persica (L.) Batsch] is one of the most economically important fruit crops that, due to its&#xd;
genetic and biological characteristics (small genome size, taxonomic proximity to other important species and short&#xd;
juvenile period), has become a model plant in genomic studies of fruit trees. Our aim was an in-depth study of the&#xd;
extent, distribution and structure of peach genetic variation in North American and European commercial varieties as&#xd;
well as old Spanish varieties and several founders used in the early USA peach breeding programmes. For this we&#xd;
genotyped 224 peach cultivars using 50 SSRs evenly distributed along the 8 linkage groups of the Prunus reference&#xd;
map.&#xd;
Results: Genetic distance analysis based on SSRs divided the peach cultivars in three main groups based mainly&#xd;
on their fruit characteristics: melting flesh peaches, melting flesh nectarines and non-melting varieties. Whereas&#xd;
non-melting flesh peaches had a higher number of alleles than melting peaches and nectarines, they were more&#xd;
homozygous. With some exceptions (’Admiral Dewey’, ‘Early Crawford’ and ‘Chinese Cling’), the founder US cultivars&#xd;
clustered together with the commercial melting peaches, indicating that their germplasm is well represented in&#xd;
modern cultivars. Population structure analysis showed a similar subdivision of the sample into subpopulations.&#xd;
Linkage disequilibrium (LD) analysis in three unstructured, or barely structured, subpopulations revealed a high&#xd;
level of LD conservation in peach extending up to 13-15 cM.&#xd;
Conclusions: Using a much larger set of SSRs, our results confirm previous observations on peach variability and&#xd;
population structure and provide additional tools for breeding and breeders’ rights enforcement. SSR data are also&#xd;
used for the estimation of marker mutation rates and allow pedigree inferences, particularly with founder genotypes&#xd;
of the currently grown cultivars, which are useful to understand the evolution of peach as a crop. Results on LD&#xd;
conservation can be explained by the self-pollinating nature of peach cultivated germplasm and by a bottleneck that&#xd;
occurred at the beginning of modern breeding practices. High LD suggests that the development of whole-genome&#xd;
scanning approaches is suitable for genetic studies of agronomically important traits in peach.</subfield>
   </datafield>
   <datafield ind1="8" ind2=" " tag="024">
      <subfield code="a">Aranzana, Maria José, El-Kadri Abbassi, Werner Howad, and Pere Arús. 2010. “Genetic Variation, Population Structure and Linkage Disequilibrium in Peach Commercial Varieties.” BMC Genomic Data 11 (1): 69. doi: 10.1186/1471-2156-11-69</subfield>
   </datafield>
   <datafield ind1="8" ind2=" " tag="024">
      <subfield code="a">1471-2156</subfield>
   </datafield>
   <datafield ind1="8" ind2=" " tag="024">
      <subfield code="a">http://hdl.handle.net/20.500.12327/3120</subfield>
   </datafield>
   <datafield ind1="8" ind2=" " tag="024">
      <subfield code="a">https://doi.org/10.1186/1471-2156-11-69</subfield>
   </datafield>
   <datafield ind2="0" ind1="0" tag="245">
      <subfield code="a">Genetic variation, population structure and linkage disequilibrium in peach commercial varieties</subfield>
   </datafield>
</record></metadata></record></GetRecord></OAI-PMH>